| 000 | 01178nam a2200325 a 4500 | ||
|---|---|---|---|
| 001 | 000111114 | ||
| 003 | CHAP | ||
| 005 | 20220329144159.0 | ||
| 008 | 141204s2014 mx a fsm |||||||spa d | ||
| 010 | _a107576 | ||
| 011 | _a108548 | ||
| 040 | _cCHAP | ||
| 090 | _aTesis | ||
| 100 | 1 |
_aDíaz García, Daniel Alejandro _9128920 |
|
| 245 | 1 | 0 |
_aMetagenómica de la biodigestión de nopal _h[En línea] _bsecuenciación de las regiones hiperveriable v3 y v6 del gen ribosomal 16S / _cpor Daniel Alejandro Díaz García. |
| 260 |
_aChapingo, Méx. : _bEl autor, _c2014. |
||
| 500 | _aPara ver el contenido del material haga clic en la liga | ||
| 502 | _aTesis (Ing. Agr. Esp. en Fitotecnia) -- UACH. Departamento de Fitotecnia | ||
| 590 |
_aE11695DGD _b10 _c20141207 _lUCH01 _h1450 |
||
| 590 |
_aE5995AHE _b05 _c20141204 _lUCH01 _h0951 |
||
| 590 |
_aE5995AHE _b05 _c20141204 _lUCH01 _h0953 |
||
| 650 | 1 | 4 |
_aAcido ribonucléico. _9597 |
| 650 | 1 | 4 |
_aBiofertilizantes. _912734 |
| 650 | 1 | 4 |
_aDigestores. _932569 |
| 650 | 1 | 4 |
_aMicroorganismos. _975519 |
| 856 |
_aFinding aid _uhttp://10.13.5.2/tesis/sist111114.pdf _zTeclea aquí |
||
| 901 | _aBK | ||
| 942 | _cTESIS | ||
| 942 | _n0 | ||
| 999 |
_c107576 _d107576 |
||